[Event "RUS-chT"]
[Site "Dagomys"]
[Date "2008.04.10"]
[Round "8"]
[White "Krasenkow, Michal"]
[Black "Galkin, Alexander"]
[Result "1-0"]
[WhiteElo "2624"]
[BlackElo "2606"]
[Annotator "Krasenkow,M"]
[PlyCount "61"]
[EventDate "2008.04.02"]
[EventType "team"]
[EventRounds "11"]
[EventCountry "RUS"]
[SourceTitle "CBM 124"]
[Source "ChessBase"]
[SourceDate "2008.05.28"]
[SourceVersion "1"]
[SourceVersionDate "2008.05.28"]
[SourceQuality "1"]
[WhiteTeam "Moscow ShSM-64"]
[BlackTeam "Saratov Economist"]
[WhiteTeamCountry "RUS"]
[BlackTeamCountry "RUS"]

1. d4 d5 2. c4 c6 3. Nf3 e6 4. Nbd2 {GM Alexander Galkin is a great Semi-Slav
specialist but he has less experience in this system leading to a Stonewall
line.} f5 5. g3 Nf6 6. Bg2 Bd6 7. O-O O-O 8. Ne5 b6 9. Ndf3 {[%cal Yc1f4]} Ne4
10. Qb3 $146 {A new move with the idea to disturb Black's development.} (10.
Qc2 {and}) (10. b3 {had been seen in practice.}) ({It is important that} 10.
Bf4 {can be met with} g5 $1 {That's the idea of Black's previous move.}) 10...
Qe7 $6 (10... Bb7 {is normal, to which I planned} 11. c5 $5 Bc7 12. Be3 Nd7 13.
Rfc1 {with pressure on the queenside.}) 11. cxd5 cxd5 (11... exd5 $6 12. Nxc6
Nxc6 13. Qxd5+ Be6 14. Qxc6 {and Black's compensation for the missing material
is hardly sufficient.}) 12. Bf4 Bb7 {Black decides on passive defence.} (12...
g5 {runs into} 13. Nxg5 $1 Nxg5 14. Bxg5 Qxg5 15. Bxd5 Bxe5 16. dxe5 exd5 17.
Qxd5+ Be6 $1 18. Qxa8 f4 19. Qxa7 Qxe5 20. Qxb6 Nd7 21. Qb4 {The resulting
position is extremely complicated and Black's counterplay should not be
underestimated but nevertheless, White's material advantage should give him an
upper hand}) (12... Ba6 13. Qe3 $5) 13. h4 {To prevent ...g7-g5 once and for
all.} Rc8 14. Rfc1 Nc6 (14... Nd7 $5 {is probably more accurate.}) 15. Nxc6
Bxc6 16. Bxd6 Qxd6 {[%csl Re5][%mdl 32] The hole on e5 is gaping but Black's
defensive possibilities are quite considerable. He will try to simplify the
position. Should he manage to trade all major pieces, White would be hardly
able to win in the resulting ending.} 17. Ne5 Nf6 $1 {[%cal Yf6d7] This knight
will fight for the e5 square. Black should not allow Bg2xe4, after which
White's e5 knight would become his "eternal" outpost.} 18. Rc3 Bd7 $6 {Black
suddenly changes his plan. Of course, I expected} (18... Nd7 19. Rac1 Bb7 (
19... Nxe5 $143 20. dxe5 Qd7 21. Qb4 {[%cal Yb4d6]}) 20. Qa4 (20. Nd3 $5) 20...
Nxe5 21. dxe5 Qe7 22. e3 {[%cal Yg2f1] and White keeps some pressure}) 19. Rac1
Rxc3 20. Qxc3 Ne8 {So, the e5 knight is now safe but how can White break down
Black's defence? Black intends to exchange the remaining rooks and then he
will only need to swap queens to be completely happy. ..} 21. Qb3 {Played in
bewilderment. As you will see, the best square for the white queen is e3.} Rc8
22. Rxc8 Bxc8 {And now I suddenly (better late than never!) recalled the main
principle of converting one's advantage - the principle of two weaknesses.
There is nothing strangein the fact that my queenside pressure is not enough -
I must open a second front on the kingside!} 23. h5 $1 Qc7 $6 (23... Nf6 $142
24. Bf3 a5 25. Qe3 h6) 24. Qe3 $1 {Black must now either allow h5-h6 or play ..
.h7-h6 himself, weakening the g6 square.} h6 25. Bf3 Nf6 $2 (25... Qd6 {
was still possible, firmly defending.}) 26. Qa3 $6 {[%cal Re5g6,Ga3f8] A right
idea but a wrong move order.} (26. Ng6 $142 $1 {[%cal Re3a3]} Qd6 $140 27. Qe5
Ne8 28. Bxd5 $1 $18) 26... a5 $4 {Ignoring White's threat.} (26... Ne8 $8 27.
Ng6 Nd6 {although White keeps a clear advantage after} 28. g4 $16) 27. Ng6 Nh7
{Black certainly overlooked} (27... Qd8 28. Qe7 $1 $18) {But the text move
doesn't change much.} 28. Qe7 $1 Bd7 29. g4 $1 fxg4 30. Bxg4 Qc8 31. Ne5 (31.
Ne5 Nf6 32. Nxd7 Nxg4 33. Qxe6+ $18) 1-0

[Event "Sigeman & Co 07th"]
[Site "Malmo"]
[Date "1999.06.09"]
[Round "2"]
[White "Lautier, Joel"]
[Black "Karlsson, Lars"]
[Result "1-0"]
[WhiteElo "2596"]
[BlackElo "2470"]
[Annotator "Lautier,J"]
[PlyCount "83"]
[EventDate "1999.06.??"]
[EventType "tourn"]
[EventRounds "9"]
[EventCountry "SWE"]
[EventCategory "14"]
[SourceTitle "CBM 072"]
[Source "ChessBase"]
[SourceDate "1999.10.01"]
[SourceVersion "1"]
[SourceVersionDate "1999.10.01"]
[SourceQuality "1"]

1. d4 f5 2. g3 Nf6 3. Bg2 e6 4. Nf3 d5 5. O-O Bd6 6. c4 O-O $5 {/\ b6, c5 S.
Agdestein} 7. c5 $5 $146 Be7 8. b4 b6 9. Bb2 (9. Qc2 bxc5 $1 (9... a5 $2 10.
cxb6 (10. b5 $5) 10... cxb6 11. b5 $16 {[%csl Rb8,Rc6]}) 10. bxc5 (10. dxc5 c6
11. Bb2 a5 12. a3 Na6 $132 {/\ Rb8}) 10... Nc6 $1 11. Nc3 Rb8 $11) 9... a5 10.
a3 c6 (10... Nc6 $6 11. cxb6 (11. Qa4 b5 $1 {Karlsson} 12. Qxb5 Bd7 $11) 11...
cxb6 (11... axb4 12. Qc2 Bd7 13. Ne5 $1 $16) 12. b5 Na7 13. a4 Bd7 14. Nbd2 Nc8
15. Ne5 Nd6 16. Rc1 Rc8 17. Qb3 $14) 11. Ne5 (11. Nbd2 Ba6 (11... Nbd7 $6 12.
Ng5 Nb8 13. Qc2 $14) (11... b5 $6 12. a4 $1 axb4 13. axb5 Rxa1 14. Bxa1 cxb5
15. Ne5 Nfd7 16. Nd3 Nc6 17. Qb3 $14) 12. Ne5 Nfd7 {- 11.Ne5}) 11... Nfd7 (
11... a4 $2 12. cxb6 Qxb6 13. Nd2 $16) (11... b5 12. Nd2 $14 (12. a4 $6 axb4
13. axb5 Rxa1 14. Bxa1 Qa5 $1 15. Nd2 Qxb5 $15)) (11... Ba6 $1 12. Nd2 (12. Re1
Nfd7 13. Nd3 Bf6 $11 {/\ bc5}) 12... Nfd7 13. Ndf3 (13. Nd3 Bxd3 14. exd3 Na6
15. Re1 Nc7 $11) 13... Nxe5 14. Nxe5 Bf6 15. Nd3 (15. f4 Bxe5 16. fxe5 Bc4 $11)
15... Nd7 $11) 12. Nd3 axb4 $6 (12... Ba6 $142 13. Nf4 Rf6 $132) 13. axb4 Rxa1
14. Bxa1 bxc5 (14... Bf6 $142 $14) 15. bxc5 e5 $6 (15... Bf6 $142) 16. dxe5
Nxc5 17. Nxc5 Bxc5 18. Nd2 Kh8 (18... f4 $5) 19. Qc2 (19. Nb3 Bb6 20. Bd4 Ba6
$5 21. Qc2 Bc4 $132 22. Nc5 $2 Qe7 $17) 19... Bb6 (19... Be7 20. Rb1 $1 (20.
Nb3 f4 21. Bd4 Bf5 22. Qc3 $14) 20... Be6 21. Nb3 {/\ Nd4, >< Be6} (21. Nf3 c5
$1 $132) 21... c5 22. Nxc5 Qc7 23. Bd4 Nd7 (23... Rc8 24. Qc3 $1 {Fritz 5.32}
Bg8 25. Rb7 Qxb7 26. Nxb7 Rxc3 27. Bxc3 Nc6 28. f4 $18) 24. Rb7 Qc8 25. Rb3
Nxc5 26. Rc3 Qb8 27. Bxc5 Bxc5 28. Rxc5 Qxe5 29. e3 $14) 20. Nb3 f4 21. Bd4
Bxd4 (21... Bf5 22. Qc3 $36) 22. Nxd4 Qb6 23. Qc3 Bg4 $1 (23... c5 24. Rc1 $1
$16) 24. h3 $6 (24. Rc1 fxg3 25. hxg3 Bxe2 26. e6 Bg4 $13) (24. gxf4 $142 Rxf4
25. e3 Rf8 26. Rc1 Re8 27. f4 (27. Nxc6 $4 Rc8 28. Bxd5 Bd7 $19) 27... Bd7 $14)
24... Bc8 $2 (24... c5 $2 25. hxg4 cxd4 26. Qf3 $1 $16 (26. Qa3 Nd7 27. gxf4 (
27. Qe7 $2 d3 $3 $40 {Karlsson} 28. exd3 $2 fxg3 29. Qxd7 Rxf2 $1 $19) 27...
Rxf4 28. Qa8+ Nf8 29. Qxd5 Qg6 (29... Rxg4 $2 30. Qf3 $18) 30. f3 $16)) (24...
Bh5 $2 25. Ne6 $16) (24... Bd7 $1 25. g4 (25. e6 c5 $1 $11) 25... c5 26. Nb3 c4
27. Nd4 Nc6 $1 $11) 25. g4 $36 c5 $2 26. Rc1 $1 Nd7 (26... cxd4 27. Qxc8 $18) (
26... Bxg4 27. Qxc5 Qxc5 28. Rxc5 Bc8 29. e6 $18) (26... h5 27. Qxc5 Qxc5 28.
Rxc5 hxg4 29. e6 $1 $18) (26... Na6 27. Bxd5 Bxg4 (27... Qd8 28. Be6 Bb7 29.
Nf5 Qe8 30. Bc4 Qc6 31. f3 $18) 28. hxg4 cxd4 29. Qc6 Qd8 30. Bf3 $16) 27. Bxd5
(27. Nf5 $2 Qe6 $1 $11) 27... Nxe5 28. Qxc5 Qxc5 (28... Qf6 $2 29. Qxc8 $18)
29. Rxc5 Nd7 $6 $138 (29... Rd8 $142 $16) 30. Rc7 Nf6 31. Be6 $18 Bxe6 32. Nxe6
Re8 33. Nxg7 (33. Nxf4 g5 34. Rf7 Nxg4 (34... gxf4 35. Rxf6 Rxe2 36. Rxf4 $18)
35. Nh5 (35. hxg4 $2 gxf4 36. Kf1 Re4 37. f3 Rc4 $16) 35... Ne5 36. Rxh7+ $1
Kxh7 37. Nf6+ Kg6 38. Nxe8 $18) 33... Rxe2 34. Nf5 $2 (34. Rf7 $1 Nd5 35. Nh5
Kg8 36. Rf5 $18) 34... h5 $1 $132 35. Kf1 (35. g5 Re5 $145 $1) 35... Re5 $2 (
35... Ra2 $1 36. f3 $16 (36. Rf7 f3 $1 $14 {Karlsson})) 36. Rf7 Nd5 37. g5 $18
Re6 38. h4 Ra6 39. Kg2 Rb6 40. Rd7 Rb5 41. Rd8+ Kh7 42. Rxd5 $1 (42. Rxd5 $1
Rxd5 43. g6+ Kh8 44. g7+ Kh7 45. g8=Q+ Kxg8 46. Ne7+ $18) 1-0

[Event "Tata Steel-B 74th"]
[Site "Wijk aan Zee"]
[Date "2012.01.27"]
[Round "11"]
[White "Nyzhnyk, Illya"]
[Black "Bruzon Batista, Lazaro"]
[Result "1-0"]
[WhiteElo "2568"]
[BlackElo "2691"]
[Annotator "Let's Check"]
[PlyCount "83"]
[EventDate "2012.01.14"]
[EventType "tourn"]
[EventRounds "13"]
[EventCountry "NED"]
[EventCategory "15"]
[SourceTitle "CBM 147"]
[Source "ChessBase"]
[SourceDate "2012.03.16"]
[SourceVersion "1"]
[SourceVersionDate "2012.03.16"]
[SourceQuality "1"]

1. d4 e6 2. c4 f5 3. g3 Nf6 4. Bg2 c6 5. Nf3 d5 6. O-O Bd6 7. b3 Qe7 8. Bb2 O-O
9. Qc1 b5 10. Ne5 Bb7 11. Nd2 a5 12. Ndf3 Ne4 13. c5 Bc7 14. Nd3 Nd7 15. a3
Rfb8 16. Qc2 Bc8 17. b4 Ng5 18. Nxg5 Qxg5 19. Rae1 Nf8 20. f3 axb4 21. axb4 Ng6
22. e4 f4 23. Bc1 Bd7 24. Bh3 Ra4 25. Qg2 Qf6 26. Bb2 Qf7 27. Bg4 Ra2 28. Re2
Rf8 29. Rfe1 Kh8 30. Qh3 Ne7 31. Bc1 Rxe2 32. Rxe2 dxe4 33. fxe4 Qf6 34. Bb2
Qg5 35. Bc1 Qf6 36. Bb2 Qg5 37. Ne1 fxg3 38. hxg3 Ng6 39. e5 Rf4 $2 (39... Ne7
40. Nd3 Nd5 $11) 40. Rh2 $18 h6 41. gxf4 Nxf4 42. Qf3 1-0

[Event "Badalona op"]
[Site "Badalona"]
[Date "1995.??.??"]
[Round "6"]
[White "Marin, Mihail"]
[Black "Panchenko, Alexandar G"]
[Result "1-0"]
[WhiteElo "2540"]
[BlackElo "2490"]
[Annotator "Marin,M"]
[PlyCount "145"]
[EventDate "1995.08.??"]
[EventType "swiss"]
[EventRounds "9"]
[EventCountry "ESP"]
[SourceTitle "CBM 049 Extra"]
[Source "ChessBase"]
[SourceDate "1996.01.01"]
[SourceVersion "1"]
[SourceVersionDate "1996.01.01"]
[SourceQuality "1"]

1. c4 e6 2. g3 d5 3. Bg2 c6 4. d4 Bd6 5. Nf3 f5 6. O-O Nf6 7. Bf4 (7. b3 Qe7 8.
a4 a5 9. Ba3) 7... Bxf4 8. gxf4 O-O 9. e3 Bd7 10. Nc3 Be8 11. Qc2 Bh5 12. Ne5 (
12. cxd5 Bxf3 13. Bxf3 cxd5) 12... Nbd7 $6 (12... Ne4 13. Na4 (13. Ne2 Bxe2 14.
Qxe2 Nd7) 13... Nd7 14. f3 Nd6 15. cxd5 exd5 16. Nc5 $14) 13. cxd5 cxd5 (13...
Nxd5 $5) 14. f3 $1 {(><e4, פf6, ץh5)} (14. Rac1 $2 Rc8 15. Qa4 Nxe5 16. dxe5
Ne4 17. Qxa7 (17. Nb5 Be2 18. Rfe1 Bxb5 19. Qxb5 Qh4) 17... Nd2 18. Rfe1 Nf3+
19. Bxf3 Bxf3) 14... Rc8 15. Qb3 Qb6 16. Rfc1 a6 (16... Qxb3 17. axb3 a6 18. b4
$16 {/\Na4-c5}) (16... Nxe5 17. fxe5 Nd7 18. f4 $16 {/\Nxd5}) 17. Qxb6 Nxb6 18.
b3 {(פb6)} Be8 (18... Rc7 19. Na4 Rxc1+ 20. Rxc1 Nxa4 21. bxa4 $16 {<-> c})
19. Kf2 Bd7 20. a4 Rc7 (20... a5 21. Ne2 Rxc1 22. Rxc1 Rc8 23. Rc5 Rxc5 24.
dxc5 Na8 25. Nd4 $16) 21. a5 Rfc8 22. Ne2 Rxc1 23. Rxc1 Rxc1 24. Nxc1 Nc8 25.
Ncd3 Nd6 26. Nc5 Bc8 27. Bf1 Kf8 28. Ke1 Ke7 29. Kd2 Bd7 30. Bd3 $1 (30. Kc3
Bb5 31. Bxb5 Nxb5+ 32. Kb4 Nd6 $14) 30... Be8 (30... Bb5 31. Bxb5 axb5 (31...
Nxb5 32. Nxb7) 32. Nxb7 Nxb7 33. a6) 31. Kc3 Nd7 (31... Bb5 32. Nxb7 $1 Nxb7 (
32... Bxd3 33. Nxd6) 33. Bxb5 Nxa5 (33... axb5 34. a6) 34. Bxa6) 32. Kb4 {
(/\ 33.Ncxd7 Bxd7 34.Kc5)} (32. Ncxd7 Bxd7 33. Kb4 Kd8 34. Kc5 Kc7 35. Nxd7
Kxd7 36. Kb6 Kc8 $10 37. Bxa6 bxa6 38. Kxa6 Kc7 39. b4 Kc6) 32... Nb8 33. e4 $1
{(><d5)} Bc6 (33... fxe4 34. fxe4 dxe4 (34... Bg6 35. Nxg6+ hxg6 36. e5 Nf5 37.
Bxf5 gxf5 38. Nxb7 $18) 35. Nxe4 h6 36. Kc5 $16) (33... dxe4 34. fxe4 Bc6 35.
exf5 Nxf5 36. Bxf5 exf5 37. Kc4 {(/\38.d5+/-)} Bb5+ 38. Kd5 Bc6+ 39. Nxc6+
bxc6+ 40. Ke5 g6 41. h4 h6 42. d5 cxd5 43. Kxd5 Kf6 44. Kd6 g5 45. hxg5+ hxg5
46. fxg5+ Kxg5 47. Kc7 f4 48. Nd3 f3 49. Kxb8) 34. exf5 exf5 35. Be2 Bb5 (35...
g6 36. Ncd3 Bb5 37. Kc5 Ke6 38. Kb6 $18) 36. Bxb5 (36. Ncd3 Nd7 37. Nxd7 Kxd7
38. Kc5 Ke6) 36... Nxb5 (36... axb5 37. a6 (37. Nxb7 $4 Na6+ 38. Kc3 Nxb7)
37... Nxa6+ 38. Nxa6 bxa6 39. Ka5 Kd8 40. Kb6 $18 (40. Kxa6 Kc7)) 37. Nxb7 Nxd4
38. Kc5 Nxb3+ 39. Kxd5 Nd7 40. Nc6+ (40. Nxd7 Kxd7 41. Nc5+ Nxc5 42. Kxc5 Ke6
43. Kc6 Ke7 44. Kd5 (44. Kb6 Kd6 45. Kxa6 Kc6 46. Ka7 Kc7 47. h3 h6 48. h4 h5
49. a6 g6) 44... Kd7 45. Ke5 Kc6 (45... g6 46. Kf6 Kc6 47. Kg7 Kb5 48. Kxh7
Kxa5 49. Kxg6 Kb5 50. h4 a5 51. h5 a4 52. h6 a3 53. h7 a2 54. h8=Q $18) 46.
Kxf5 Kd5 (46... Kb5 47. Ke6 Kxa5 48. Kf7 Kb5 49. Kxg7 a5 50. f5 a4 51. f6 a3
52. f7 a2 53. f8=Q a1=Q+ 54. Kxh7 Qb1+ 55. Kh6 Qc1+ 56. f4 $18) 47. Kg5 Ke6 48.
h4 Kd6 49. h5 Ke6 50. f5+ (50. h6 gxh6+ 51. Kxh6 Kf5 52. Kxh7 Kxf4 53. Kg6 Kxf3
54. Kf6 Kf4 55. Ke6 Kg5 56. Kd6 Kf6 57. Kc6 Ke6 58. Kb6 Kd6 59. Kxa6 Kc6 $10)
50... Kf7 (50... Ke5 51. f6 gxf6+ 52. Kh6 $18) 51. Kf4 (51. f6 gxf6+ 52. Kh6
Kg8 53. f4 Kh8 54. f5 Kg8 $10 {stalemate}) 51... Kf6 $10 52. Ke4 $2 Kg5) 40...
Kf7 41. Nb4 Nf6+ (41... Nb8 42. Kd6) 42. Kd6 $1 (42. Ke5 Nd2 43. Nxa6 Nxf3+ 44.
Kd6 (44. Kxf5 $4 g6#) 44... Ne8+ 45. Kd7 (45. Kc6 Nd4+ 46. Kb6 Nb3 47. Nac5
Nxa5 48. Nxa5 $14) 45... Nd4 46. Nac5 (46. Nc7 Nxc7 47. Kxc7 g5 48. a6 gxf4 49.
Kb6 (49. a7 Nb5+) 49... f3) 46... g5 47. a6 Nb5 48. Kc6 Na7+ 49. Kb6 Nc8+)
42... Kg6 (42... Nd2 43. Nxa6 Nxf3 44. Nc7 $18) 43. Nxa6 Kh5 44. Nc7 Nxa5 45.
Nxa5 Kh4 46. Ne6 g6 47. Ng5 h6 48. Nf7 Kh3 49. Nc4 Kxh2 50. Nce5 Kg3 (50... g5
51. Nxg5 hxg5 52. fxg5 $18) 51. Nxg6 Kxf3 52. Ke5 Nh5 53. Nxh6 Nxf4 $6 (53...
Ke3 54. Ng8 Kf3 55. Nf6 Ng3 56. Nd5 Kf2 (56... Ne2 57. Nge7 Ng3 58. Nxf5 Nh5
59. Nd4+ Kg4 60. f5 $18) 57. Kd4 Kf3 58. Ne5+ Kf2 59. Kd3) 54. Nxf4 Ke3 55. Nf7
Kf3 56. Ng5+ Ke3 57. Nge6 Kd2 (57... Kf2 58. Kd4 Kg3 59. Ke3 Kh4 60. Nd4 (60.
Kf3 $4 {stalemate}) 60... Kg5 61. Kf3 Kf6 62. Nc6 Kg5 63. Kg3 Kf6 64. Kh4 Kf7
65. Kg5 Ke8 66. Kf6 Kd7 67. Ne5+ Kd6 68. Ned3 $18) 58. Kd4 Kc2 59. Nc5 Kd2 60.
Nb3+ Kc2 61. Kc4 Kb2 62. Nd4 Ka3 63. Kb5 Kb2 64. Kb4 Ka2 65. Nc2 Kb2 66. Ne3
Ka2 67. Nc4 Kb1 68. Kc3 Kc1 69. Ne3 Kb1 70. Nd3 f4 (70... Ka2 71. Nc4 f4 72.
Kc2) 71. Nc4 f3 72. Kb3 Ka1 73. Nd2 (73. Nd2 f2 74. Nb4 f1=Q 75. Nc2#) 1-0

[Event "Rovno"]
[Site "Rovno"]
[Date "2000.??.??"]
[Round "5"]
[White "Krivoshey, Sergei"]
[Black "Varitski, Igor"]
[Result "1/2-1/2"]
[WhiteElo "2434"]
[BlackElo "2359"]
[Annotator "Meulders,R"]
[PlyCount "88"]
[EventDate "2000.01.20"]
[EventType "tourn"]
[EventRounds "15"]
[EventCountry "UKR"]
[EventCategory "8"]
[SourceTitle "CBM 076"]
[Source "ChessBase"]
[SourceDate "2000.05.31"]
[SourceVersion "1"]
[SourceVersionDate "2000.05.31"]
[SourceQuality "1"]

1. d4 f5 2. g3 Nf6 3. Bg2 e6 4. c4 c6 {Ungewöhn. Meistens spielt Schwarz hier
selbst ...d5.} 5. d5 ({Nicht unlogisch aber doch nicht viel gespielt. In das
erste bekannte Beispiel mit 5.d5 folgte:} 5. Nf3 d5 6. Qc2 Be7 7. O-O O-O 8. b3
Ne4 9. Bb2 Nd7 10. Ne1 Bg5 11. Qd3 Qb6 12. cxd5 exd5 13. Nc2 Rf7 14. f3 Nd6 15.
Nc3 f4 16. gxf4 Bxf4 17. e3 Bh6 18. Ba3 $14 {0-1 Johner,P-Tarrasch,S/Bad
Pistyan 1922/HCL (28)}) 5... Bb4+ (5... cxd5 6. cxd5 Bb4+ (6... e5 7. Nf3 (7.
Nc3 Bc5 8. Nf3 d6 9. O-O h6 10. Na4 Na6 11. Nxc5 Nxc5 12. Be3 b6 13. Nd2 a5 14.
Bxc5 bxc5 15. e4 O-O 16. exf5 Bxf5 17. Nc4 Rb8 {und Schwarz steht gut,
Levitt-Williams, Torquay 1988/CBM 66 ext (1-0, 59).}) 7... Bb4+ 8. Nbd2 e4 9.
Nd4 O-O $2 (9... g6) 10. O-O $2 (10. Nxf5) 10... d6 11. Nc4 Nxd5 12. Nxf5 (12.
Nc2 Be6 $8 13. Nxb4 Nxb4 14. Nxd6 $13) 12... Rxf5 13. Bxe4 Ne7 14. a3 Bc5 15.
b4 Bb6 16. Qxd6 $5 (16. Bxf5 $1 $16) 16... Rf8 17. Bf4 $2 (17. Bg5 $1 $16)
17... Qxd6 18. Bxd6 Re8 $11 {1/2-1/2 Huzman,A-Dumitrache,D/Baku 1988/CBM 10 
(64)}) 7. Bd2 Bc5 8. Nc3 O-O 9. Nf3 Na6 10. O-O Bb4 11. Qb3 Qe7 12. Rad1 Kh8
13. Bf4 Bxc3 14. d6 Qe8 15. Qxc3 Nd5 16. Qd4 Nxf4 17. Qxf4 Rb8 $16 {1-0
Romanishin,O-Giorgadze,T/Moscow 1987/CBM 04 (34)}) (5... Bc5 6. Nc3 O-O 7. Nh3
e5 8. e4 d6 9. O-O cxd5 10. cxd5 h6 11. exf5 Bxf5 12. Be3 Qd7 {0-1 Zaerban,
J-Schmittdiel,E/Baunatal 1998/EXT 2000 (12)}) 6. Bd2 Qe7 (6... a5 7. Nc3 O-O 8.
Nh3 cxd5 9. cxd5 e5 10. e4 d6 11. exf5 Bxf5 12. Ng5 Bxc3 13. Bxc3 Na6 14. O-O
Nc5 15. f4 e4 $11 {0-1 Karpman,V-Savchenko,S/Lvov 1988/EXT 2000 (57)}) (6...
Bxd2+ 7. Qxd2 e5 8. Nc3 c5 9. e4 d6 10. Nf3 O-O 11. exf5 Bxf5 12. Ng5 Qe7 13.
O-O h6 14. Nge4 Nbd7 $11 {1/2-1/2 Shalimov,V-Gasanov,E/Kharkov 1999/EXT 2000 
(60)}) 7. a3 Bxd2+ 8. Qxd2 d6 9. Nc3 cxd5 10. cxd5 e5 11. Nf3 O-O 12. O-O Nbd7
13. Rfc1 Nc5 {[%cal Rc5b3,Rc5e4]} 14. Qd1 a5 15. Nb5 {[%csl Rd6]} Nfe4 16. b4
axb4 17. axb4 Rxa1 18. Rxa1 Na6 19. Nd2 $1 Nxd2 20. Qxd2 f4 $36 {[%cal Rc8h3,
Rf4f3,Rf8f4]} 21. Na3 Bd7 22. Rc1 Qf6 {[%csl Rf2]} 23. Rf1 Qh6 {/\fxg3/Qxh6/
gxf2+.} 24. Qb2 Bh3 25. Nc4 {[%csl Rd6]} Qh5 $5 26. Rc1 $2 (26. Nxd6 $5 Bxg2
27. Kxg2 f3+ 28. Kg1 $1 (28. exf3 Qxf3+ 29. Kg1 Qxd5 $19) 28... fxe2 29. Re1 e4
30. Qxe2 Qxd5 31. Nxe4 Nxb4 $11) 26... Bxg2 27. Kxg2 f3+ 28. exf3 Qxf3+ 29. Kg1
Qxd5 $17 30. Ne3 Qd4 $2 (30... Qf3 31. Rc2 g6 $17 {[%cal Gg8g7,Gg7h6]}) 31.
Qb3+ Kh8 32. Qf7 $1 {[%csl Ra8,Rb8,Rc8,Rd8,Re8,Rf8]} Rg8 33. Nf5 $16 Qg4 34.
Nxd6 h6 35. Qxb7 $6 (35. b5 $1 Nc5 36. h3 $1 (36. Rxc5 $5 Qd1+ 37. Kg2 Qxd6 38.
Rd5 Qf6 39. Qxf6 gxf6 40. Rd6 Rf8 41. Rd7 $18) 36... Qe6 37. Qxe6 Nxe6 38. Nxb7
Rb8 39. Nd6 Rb6 40. Rc6 Rb8 41. Nf7+ Kg8 42. Nxh6+ $1 gxh6 43. Rxe6 $18) 35...
Nxb4 36. Rb1 $6 (36. Nf7+ Kh7 37. Nxe5 $16) 36... Nd3 37. Qd5 $2 (37. Nf7+ $1
Kh7 38. Nxh6 $1 Kxh6 39. Qa6+ $18 (39. Qa6+ Qg6 $4 40. Rb6 $18)) 37... Qe2 {
[%csl Rf2]} 38. Rf1 Rf8 39. Ne4 Ne1 40. Nc3 Nf3+ 41. Kg2 Qc2 42. Ne4 Qe2 43.
Qc5 Nh4+ 44. Kg1 Nf3+ 1/2-1/2